[Event "HUN-chT2 Charousek 1011"]
[Site "Hungary"]
[Date "2010.11.21"]
[Round "6"]
[White "Gadacsi, Miklos Jr"]
[Black "Jamrich, Gyorgy"]
[Result "0-1"]
[WhiteElo "2142"]
[BlackElo "2301"]
[PlyCount "122"]
[EventDate "2010.09.12"]
[EventType "team-tourn"]
[EventRounds "11"]
[EventCountry "HUN"]
[SourceTitle "EXT 2012"]
[Source "ChessBase"]
[SourceDate "2011.11.24"]
[SourceVersion "1"]
[SourceVersionDate "2011.11.24"]
[SourceQuality "1"]
[WhiteTeam "Tapolca"]
[BlackTeam "Tatai Honved"]
[WhiteTeamCountry "HUN"]
[BlackTeamCountry "HUN"]

1. e4 e5 2. Nf3 Nc6 3. Bb5 a6 4. Ba4 Nf6 5. d4 exd4 6. e5 Ne4 7. 0-0 Be7 8. Nxd4 Nxd4 9. Qxd4 Nc5 10. Nc3 Nxa4 11. Nxa4 0-0 12. Bf4 b6 13. Rad1 Kh8 14. Rd3 Ra7 15. Re1 c5 16. Qd5 Qc7 17. Bg3 Qb7 18. Nc3 Qxd5 19. Nxd5 Bd8 20. f4 Bb7 21. Bf2 Bc6 22. c4 Rb7 23. b3 Re8 24. Ne3 g6 25. Nd5 Kg7 26. g4 d6 27. exd6 Rxe1+ 28. Bxe1 Rd7 29. Bc3+ f6 30. Ne3 Kf7 31. Rd2 Be4 32. f5 b5 33. a3 Bb6 34. Kf2 Ba7 35. cxb5 axb5 36. Ke2 Bb8 37. Nd5 Rxd6 38. Nxf6 Rxf6 39. Bxf6 Kxf6 40. fxg6 hxg6 41. Ke3 Bc6 42. Rf2+ Kg5 43. h3 c4 44. Rc2 Ba7+ 45. Kd2 Be4 46. Rc1 cxb3 47. Kc3 Bc2 48. Re1 Bb8 49. Re8 Bd6 50. Re6 Bxa3 51. Re5+ Kh4 52. Rxb5 Kxh3 53. g5 Kg4 54. Re5 Bc1 55. Re2 Bxg5 56. Rg2+ Kf5 57. Rf2+ Bf4 58. Rg2 Be5+ 59. Kd2 Be4 60. Rf2+ Ke6 61. Re2 b2 0-1

[Event "HUN-chT2 Charousek 0910"]
[Site "Hungary"]
[Date "2010.04.18"]
[Round "10"]
[White "Gadacsi, Miklos Jr"]
[Black "Ongai, Erik"]
[Result "1/2-1/2"]
[WhiteElo "2145"]
[BlackElo "1910"]
[PlyCount "58"]
[EventDate "2009.11.08"]
[EventType "team-tourn"]
[EventRounds "11"]
[EventCountry "HUN"]
[SourceTitle "EXT 2011"]
[Source "ChessBase"]
[SourceDate "2010.11.26"]
[SourceVersion "1"]
[SourceVersionDate "2010.11.26"]
[SourceQuality "1"]
[WhiteTeam "Tapolca"]
[BlackTeam "Sarvar"]
[WhiteTeamCountry "HUN"]
[BlackTeamCountry "HUN"]

1. e4 c5 2. Nf3 d6 3. d4 cxd4 4. Nxd4 Nf6 5. Nc3 a6 6. Bc4 e6 7. Bb3 b5 8. a3 Be7 9. 0-0 0-0 10. f4 Bb7 11. Qf3 Nbd7 12. f5 e5 13. Nde2 Nc5 14. Bd5 Bxd5 15. exd5 Rb8 16. Be3 a5 17. Ng3 b4 18. axb4 axb4 19. Na4 Nxa4 20. Rxa4 Qc7 21. Ra7 Rb7 22. Rfa1 Rfb8 23. Rxb7 Rxb7 24. Ra8+ Rb8 25. Ra7 Rb7 26. Ra8+ Rb8 27. Ra7 Rb7 28. Ra8+ Rb8 29. Ra7 Rb7 1/2-1/2

[Event "HUN-chT2 Charousek 0910"]
[Site "Hungary"]
[Date "2009.12.06"]
[Round "3"]
[White "Cibulka, Vladimir"]
[Black "Gadacsi, Miklos Jr"]
[Result "1/2-1/2"]
[WhiteElo "2259"]
[BlackElo "2145"]
[PlyCount "272"]
[EventDate "2009.11.08"]
[EventType "team-tourn"]
[EventRounds "11"]
[EventCountry "HUN"]
[SourceTitle "EXT 2011"]
[Source "ChessBase"]
[SourceDate "2010.11.26"]
[SourceVersion "1"]
[SourceVersionDate "2010.11.26"]
[SourceQuality "1"]
[WhiteTeam "Pannonpower"]
[BlackTeam "Tapolca"]
[WhiteTeamCountry "HUN"]
[BlackTeamCountry "HUN"]

1. d4 Nf6 2. Nf3 e6 3. Bg5 Be7 4. Nbd2 d5 5. e3 h6 6. Bh4 c5 7. c3 Nbd7 8. Bd3 0-0 9. Ne5 cxd4 10. exd4 Nxe5 11. dxe5 Nd7 12. Bg3 Nc5 13. Bc2 d4 14. Ne4 Nxe4 15. Bxe4 dxc3 16. bxc3 Qc7 17. Qf3 Bd7 18. 0-0 Rab8 19. Bf4 Rfc8 20. Bd2 Bc6 21. Rfe1 Bf8 22. Qg3 Kh8 23. c4 Bxe4 24. Rxe4 b5 25. cxb5 Rxb5 26. Ree1 Rb2 27. Rec1 Rxa2 28. Qb3 Rxa1 29. Rxa1 Qxe5 30. Rb1 Bd6 31. g3 Rb8 32. Qc2 Rxb1+ 33. Qxb1 Qd5 34. Be3 a5 35. Qc2 Qb7 36. Qc4 Kh7 37. Qd3+ g6 38. Qxd6 Qb1+ 39. Kg2 Qe4+ 40. Kf1 Qb1+ 41. Ke2 Qc2+ 42. Qd2 Qc4+ 43. Qd3 Qa2+ 44. Bd2 a4 45. Qd4 a3 46. Kf3 e5 47. Qd3 Qa1 48. Kg2 a2 49. Qa3 Qb1 50. Bc3 Qe4+ 51. Kf1 Qd3+ 52. Ke1 e4 53. Qb2 Qb1+ 54. Kd2 Qd3+ 55. Kc1 Qf1+ 56. Kc2 Qxf2+ 57. Kb3 e3 58. Kxa2 e2 59. Kb3 e1Q 60. Bxe1 Qxe1 61. Kc4 Qe6+ 62. Kd3 Qf5+ 63. Ke3 h5 64. h4 f6 65. Qb7+ Kh6 66. Qb8 Qe6+ 67. Kf3 Kg7 68. Qb7+ Qf7 69. Qb2 Qd7 70. Qa3 Qg4+ 71. Kf2 Qd4+ 72. Kf3 Qd5+ 73. Kf2 Kf7 74. Qa6 Ke7 75. Qb6 Qd6 76. Qb3 Qd4+ 77. Kf3 Qg4+ 78. Kf2 Qf5+ 79. Kg2 Kd6 80. Qb4+ Kd5 81. Qb5+ Kd4 82. Qb4+ Ke3 83. Qe1+ Kd3 84. Qb1+ Ke3 85. Qe1+ Kd4 86. Qb4+ Ke5 87. Qc5+ Ke6 88. Qc8+ Ke7 89. Qa6 Qd5+ 90. Kf2 Qd2+ 91. Kf3 Qd1+ 92. Kf2 Qd6 93. Qa2 f5 94. Qg8 Qd2+ 95. Kf3 Qd1+ 96. Kf2 Qd4+ 97. Kg2 Qf6 98. Qc4 Qe6 99. Qc7+ Kf6 100. Qc3+ Kf7 101. Qc7+ Qe7 102. Qc4+ Kg7 103. Qc3+ Kh7 104. Qb3 Qe4+ 105. Kf2 Qd4+ 106. Kg2 Qd7 107. Qc2 Kg7 108. Qc3+ Kg8 109. Qb3+ Qf7 110. Qb8+ Kh7 111. Qb4 Qg7 112. Kf3 g5 113. hxg5 Qxg5 114. Qb7+ Qg7 115. Qa6 Qg4+ 116. Kf2 Qd4+ 117. Kf3 Qe4+ 118. Kf2 Qc2+ 119. Kf3 Qd1+ 120. Kf2 Qg4 121. Qd6 Qg7 122. Qb6 Qe7 123. Qa6 h4 124. gxh4 Qxh4+ 125. Kg2 Qe4+ 126. Kf2 f4 127. Qe2 Qxe2+ 128. Kxe2 Kg6 129. Kf2 Kg5 130. Kf3 Kf5 131. Kf2 Ke4 132. Ke2 f3+ 133. Kf2 Kf4 134. Kf1 Ke3 135. Ke1 f2+ 136. Kf1 Kf3 1/2-1/2

[Event "HUN-chT2 Charousek 0910"]
[Site "Hungary"]
[Date "2009.11.08"]
[Round "1"]
[White "Nagy, Kristof"]
[Black "Gadacsi, Miklos Jr"]
[Result "0-1"]
[WhiteElo "1922"]
[BlackElo "2145"]
[PlyCount "96"]
[EventDate "2009.11.08"]
[EventType "team-tourn"]
[EventRounds "11"]
[EventCountry "HUN"]
[SourceTitle "EXT 2011"]
[Source "ChessBase"]
[SourceDate "2010.11.26"]
[SourceVersion "1"]
[SourceVersionDate "2010.11.26"]
[SourceQuality "1"]
[WhiteTeam "Csuti II"]
[BlackTeam "Tapolca"]
[WhiteTeamCountry "HUN"]
[BlackTeamCountry "HUN"]

1. e4 c5 2. Nf3 d6 3. d4 cxd4 4. Nxd4 Nf6 5. Nc3 a6 6. Be2 e5 7. Nb3 Be6 8. Bg5 Nbd7 9. a4 Be7 10. Be3 0-0 11. 0-0 Rc8 12. f3 Nb6 13. a5 Nc4 14. Bxc4 Bxc4 15. Bb6 Qd7 16. Re1 Qc6 17. Nd2 d5 18. exd5 Nxd5 19. Nxc4 Nxc3 20. Nxe5 Qxb6+ 21. axb6 Nxd1 22. Raxd1 Rxc2 23. Nd7 Re8 24. Re3 f6 25. Rb3 Kf7 26. Kf1 Rd8 27. Rbd3 Rxb2 28. Ne5+ fxe5 29. Rxd8 Bxd8 30. Rxd8 Rxb6 31. Rd7+ Kf6 32. Ke2 h5 33. h4 a5 34. Kd2 Rb4 35. Kc3 b5 36. Rb7 Rc4+ 37. Kd3 Rd4+ 38. Ke3 Rb4 39. Rb6+ Kf5 40. Rb8 Rb3+ 41. Kd2 a4 42. Rf8+ Kg6 43. Ra8 a3 44. Kc2 Rb2+ 45. Kc1 b4 46. g4 hxg4 47. fxg4 Rg2 48. Ra6+ Kh7 0-1

[Event "Perenyi Memorial"]
[Site "Budapest"]
[Date "2009.01.16"]
[Round "8"]
[White "Gadacsi, Miklos Jr"]
[Black "Kormos, Adam"]
[Result "1-0"]
[WhiteElo "2096"]
[BlackElo "2176"]
[PlyCount "47"]
[EventDate "2009.01.08"]
[EventType "swiss"]
[EventRounds "9"]
[EventCountry "HUN"]
[SourceTitle "CBM 128 Extra"]
[Source "ChessBase"]
[SourceDate "2009.03.05"]
[SourceVersion "2"]
[SourceVersionDate "2009.03.25"]
[SourceQuality "1"]

1. e4 c5 2. Nf3 d6 3. d4 cxd4 4. Nxd4 Nf6 5. Nc3 g6 6. Be3 Bg7 7. f3 Nc6 8. Qd2 0-0 9. Bc4 Bd7 10. 0-0-0 Ne5 11. Bb3 b5 12. Ncxb5 Qb8 13. Qe2 Rc8 14. h4 e6 15. g4 h5 16. gxh5 Nxh5 17. Rhg1 Bxb5 18. Nxb5 Nxf3 19. Qxf3 Qxb5 20. Rg5 Rc5 21. Bxc5 dxc5 22. e5 Rb8 23. c4 Qb7 24. Rd8+ 1-0

[Event "Perenyi Memorial"]
[Site "Budapest"]
[Date "2009.01.09"]
[Round "2"]
[White "Gadacsi, Miklos Jr"]
[Black "Suto, Gabor"]
[Result "1-0"]
[WhiteElo "2096"]
[BlackElo "2257"]
[PlyCount "67"]
[EventDate "2009.01.08"]
[EventType "swiss"]
[EventRounds "9"]
[EventCountry "HUN"]
[SourceTitle "CBM 128 Extra"]
[Source "ChessBase"]
[SourceDate "2009.03.05"]
[SourceVersion "2"]
[SourceVersionDate "2009.03.25"]
[SourceQuality "1"]

1. e4 c5 2. Nf3 a6 3. c4 e6 4. d4 cxd4 5. Nxd4 Nf6 6. Bd3 Nc6 7. Be3 Qc7 8. 0-0 Be7 9. Nc3 Ne5 10. h3 d6 11. Rc1 b6 12. f4 Nxd3 13. Qxd3 Bb7 14. f5 e5 15. Nde2 Nd7 16. Ng3 0-0 17. Nh5 Rfc8 18. b3 Qd8 19. Rcd1 b5 20. c5 Bg5 21. cxd6 Nc5 22. Bxc5 Rxc5 23. d7 Qb6 24. Kh1 Rd8 25. Qg3 Qh6 26. b4 Rc4 27. Qxe5 Kf8 28. f6 gxf6 29. Qd6+ Kg8 30. Nxf6+ Bxf6 31. Rxf6 Qf8 32. Qe5 Qxb4 33. Rd3 Qf8 34. Rg3+ 1-0

[Event "HUN-chT2 Szechenyi 0607"]
[Site "Hungary"]
[Date "2007.05.20"]
[Round "11"]
[White "Gadacsi, Miklos Jr"]
[Black "Oltean, Gusztav"]
[Result "0-1"]
[WhiteElo "2118"]
[BlackElo "2161"]
[PlyCount "136"]
[EventDate "2006.11.12"]
[EventType "team"]
[EventRounds "11"]
[EventCountry "HUN"]
[SourceTitle "EXT 2008"]
[Source "ChessBase"]
[SourceDate "2007.11.25"]
[SourceVersion "1"]
[SourceVersionDate "2007.11.25"]
[SourceQuality "1"]
[WhiteTeam "Tapolca Varju"]
[BlackTeam "Veszprem"]
[WhiteTeamCountry "HUN"]
[BlackTeamCountry "HUN"]

1. e4 c6 2. d4 d5 3. Nc3 dxe4 4. Nxe4 Nd7 5. Bc4 Ngf6 6. Ng5 e6 7. Qe2 Nb6 8. Bd3 h6 9. N5f3 c5 10. dxc5 Bxc5 11. Ne5 Qc7 12. Ngf3 Nbd7 13. 0-0 0-0 14. Bd2 Bd6 15. Nc4 Be7 16. a4 Nc5 17. Bc3 Nxd3 18. Qxd3 Rd8 19. Qe2 b6 20. Be5 Qc5 21. b4 Qxb4 22. Rfb1 Qc5 23. Rb5 Qc6 24. Nd4 Qe8 25. Rb3 Ba6 26. Nb5 Rac8 27. Nb2 Qc6 28. c4 Bb7 29. Rg3 Ra8 30. Qe3 Kf8 31. Nc7 Rac8 32. Nb5 Bc5 33. Qe2 Qe4 34. Qxe4 Nxe4 35. Bxg7+ Kg8 36. Bf6+ Nxg3 37. Bxd8 Rxd8 38. hxg3 Rd2 39. Nd1 a6 40. Nbc3 Rc2 41. Rb1 Bd4 42. Rb3 Rc1 43. Kh2 a5 44. c5 Bxc5 45. Ne3 Bb4 46. Na2 Rc5 47. Nxb4 axb4 48. Rxb4 Bc6 49. Rxb6 Bxa4 50. g4 h5 51. gxh5 Rxh5+ 52. Kg3 Kg7 53. Rb4 Bc6 54. Rb6 Bd5 55. f4 Be4 56. Rb4 Bg6 57. Ng4 Ra5 58. Rb3 f6 59. Rb7+ Bf7 60. Ne3 Ra3 61. Kf3 Kg6 62. g4 e5 63. fxe5 Bd5+ 64. Kf4 Bxb7 65. exf6 Kxf6 66. Nf5 Ra4+ 67. Kg3 Kg5 68. Ne3 Bc8 0-1

[Event "HUN-chT2 Szechenyi 0203"]
[Site "Hungary"]
[Date "2003.04.06"]
[Round "10"]
[White "Csarmasz, Mate"]
[Black "Gadacsi, Miklos Jr"]
[Result "1-0"]
[WhiteElo "2026"]
[BlackElo "2053"]
[PlyCount "101"]
[EventDate "2002.09.22"]
[EventType "team"]
[EventRounds "11"]
[EventCountry "HUN"]
[SourceTitle "EXT 2009"]
[Source "ChessBase"]
[SourceDate "2008.11.26"]
[SourceVersion "1"]
[SourceVersionDate "2008.11.26"]
[SourceQuality "1"]

1. Nf3 Nf6 2. g3 g6 3. b3 Bg7 4. Bb2 d6 5. Bg2 e5 6. d3 0-0 7. Nbd2 c5 8. c4 Nc6 9. 0-0 h6 10. Qc2 Nh5 11. a3 Be6 12. Bc3 d5 13. cxd5 Bxd5 14. Nc4 Nd4 15. Qb2 Re8 16. e4 Bc6 17. Nxd4 cxd4 18. Bd2 Bd7 19. Nd6 Re7 20. Nxb7 Qb6 21. Bb4 Bf8 22. Na5 Ree8 23. Nc4 Qf6 24. Bxf8 Rxf8 25. Qd2 g5 26. b4 Kh7 27. Rfc1 g4 28. Na5 Ng7 29. Nb7 Bc6 30. Nc5 h5 31. f4 h4 32. fxe5 Qxe5 33. Qf4 Qxf4 34. gxf4 Nh5 35. Rf1 h3 36. Bh1 f5 37. e5 Bxh1 38. Kxh1 g3 39. Rf3 g2+ 40. Kg1 Kg8 41. Ne6 Kf7 42. Nxf8 Rxf8 43. Rc1 Ke6 44. Rc6+ Ke7 45. Rc4 Rd8 46. Rc7+ Ke6 47. Rc6+ Ke7 48. Rxh3 Nxf4 49. Rh7+ Ke8 50. Rh8+ Ke7 51. Rc7+ 1-0

[Event "Kali Cup 1st"]
[Site "Mindszentkalla"]
[Date "2002.01.26"]
[Round "11"]
[White "Resika, Nathan A"]
[Black "Gadacsi, Miklos Jr"]
[Result "1-0"]
[WhiteElo "2241"]
[BlackElo "2099"]
[PlyCount "77"]
[EventDate "2002.01.18"]
[EventType "tourn"]
[EventRounds "11"]
[EventCountry "HUN"]
[EventCategory "2"]
[SourceTitle "EXT 2003"]
[Source "ChessBase"]
[SourceDate "2002.11.25"]
[SourceVersion "1"]
[SourceVersionDate "2002.11.25"]
[SourceQuality "1"]

1. e4 c5 2. Nf3 d6 3. d4 cxd4 4. Nxd4 Nf6 5. Nc3 g6 6. Be3 Bg7 7. f3 0-0 8. Qd2 Nc6 9. Bc4 Bd7 10. 0-0-0 Rc8 11. Bb3 Ne5 12. Kb1 Nc4 13. Bxc4 Rxc4 14. g4 b5 15. b3 Rc8 16. Ndxb5 Qa5 17. a4 a6 18. Nd5 Qxd2 19. Nxe7+ Kh8 20. Rxd2 Rce8 21. Nxg6+ hxg6 22. Nxd6 Re6 23. Bc5 Bc6 24. Nc4 Rb8 25. Rd6 Rxd6 26. Bxd6 Rd8 27. Be5 Kg8 28. h4 Nd7 29. Bxg7 Kxg7 30. Rd1 Rc8 31. Rd6 Nc5 32. Nb6 Rc7 33. Nd5 Bxd5 34. exd5 a5 35. Rb6 Kf8 36. Kb2 Ke8 37. h5 gxh5 38. gxh5 f5 39. Rc6 1-0

[Event "Kali Cup 1st"]
[Site "Mindszentkalla"]
[Date "2002.01.21"]
[Round "6"]
[White "Gadacsi, Miklos Jr"]
[Black "Horvath, Imre"]
[Result "1/2-1/2"]
[WhiteElo "2099"]
[BlackElo "2284"]
[PlyCount "20"]
[EventDate "2002.01.18"]
[EventType "tourn"]
[EventRounds "11"]
[EventCountry "HUN"]
[EventCategory "2"]
[SourceTitle "EXT 2003"]
[Source "ChessBase"]
[SourceDate "2002.11.25"]
[SourceVersion "1"]
[SourceVersionDate "2002.11.25"]
[SourceQuality "1"]

1. e4 c6 2. d4 d5 3. Nc3 dxe4 4. Nxe4 Nf6 5. Nxf6+ exf6 6. c3 Bd6 7. Nf3 0-0 8. Be2 Bf5 9. 0-0 Nd7 10. Be3 Re8 1/2-1/2